<?xml version="1.0" encoding="UTF-8"?>
<record
    xmlns:xsi="http://www.w3.org/2001/XMLSchema-instance"
    xsi:schemaLocation="http://www.loc.gov/MARC21/slim http://www.loc.gov/standards/marcxml/schema/MARC21slim.xsd"
    xmlns="http://www.loc.gov/MARC21/slim">

  <leader>01697pam a2200217 a 4500</leader>
  <datafield tag="020" ind1=" " ind2=" ">
    <subfield code="a">0803109326 (pbk.)</subfield>
  </datafield>
  <datafield tag="082" ind1="0" ind2="0">
    <subfield code="a">693.1</subfield>
    <subfield code="b">CLE</subfield>
  </datafield>
  <datafield tag="245" ind1="0" ind2="0">
    <subfield code="a">Cleaning stone and masonry :</subfield>
    <subfield code="b">a symposium sponsored by ASTM Committee E-6 on Performance of Building Constructions, Louisville, KY, 18 April 1983 /</subfield>
    <subfield code="c">James R. Clifton, editor.</subfield>
  </datafield>
  <datafield tag="260" ind1=" " ind2=" ">
    <subfield code="a">Philadelphia, PA :</subfield>
    <subfield code="b">ASTM,</subfield>
    <subfield code="c">c1986.</subfield>
  </datafield>
  <datafield tag="300" ind1=" " ind2=" ">
    <subfield code="a">ix, 176 p. :</subfield>
    <subfield code="b">ill. ;</subfield>
    <subfield code="c">23 cm.</subfield>
  </datafield>
  <datafield tag="500" ind1=" " ind2=" ">
    <subfield code="a">"ASTM publication code number (PCN) 04-935000-10."</subfield>
  </datafield>
  <datafield tag="505" ind1="0" ind2=" ">
    <subfield code="a">Introduction -- Cleaning efflorescences from masonry / K. Lal Gauri, George C. Holdren, and Willard C. Vaughan -- Performance tests for graffiti removers / James R. Clifton and McClure Godette -- Masonry cleaning: the state of the art / David W. Boyer -- Criteria for selection of a most appropriate cleaning method / Larry D. Jones -- Chemical cleaning of historic structures: a practical approach / Thomas H. Rudder -- Cleaning the masonry interiors of public buildings / J. Walter Roth -- Cleaning and waterproofing of historic masonry buildings / Robert C. Mack -- A case study of the cleaning and conservation of marble at the Schenectady, New York, City Hall / John G. Waite and Roger J. Cheng -- A macrostereogrammetric technique for measuring surface erosion losses on stone / Erhard M. Winkler -- Summary.</subfield>
  </datafield>
  <datafield tag="526" ind1=" " ind2=" ">
    <subfield code="a">0</subfield>
    <subfield code="b">0</subfield>
    <subfield code="c">0</subfield>
    <subfield code="d">693_100000000000000_CLE</subfield>
  </datafield>
  <datafield tag="650" ind1=" " ind2="0">
    <subfield code="a">Building stones</subfield>
    <subfield code="x">Cleaning</subfield>
    <subfield code="x">Congresses.</subfield>
    <subfield code="9">45418</subfield>
  </datafield>
  <datafield tag="650" ind1=" " ind2="0">
    <subfield code="a">Buildings</subfield>
    <subfield code="x">Cleaning</subfield>
    <subfield code="x">Congresses.</subfield>
    <subfield code="9">45419</subfield>
  </datafield>
  <datafield tag="650" ind1=" " ind2="0">
    <subfield code="a">Masonry</subfield>
    <subfield code="x">Cleaning</subfield>
    <subfield code="x">Congresses.</subfield>
    <subfield code="9">45420</subfield>
  </datafield>
  <datafield tag="650" ind1=" " ind2="0">
    <subfield code="a">MCE</subfield>
    <subfield code="9">379</subfield>
  </datafield>
  <datafield tag="700" ind1="1" ind2=" ">
    <subfield code="a">Clifton, James R.</subfield>
    <subfield code="9">45421</subfield>
  </datafield>
  <datafield tag="710" ind1="2" ind2=" ">
    <subfield code="a">ASTM Committee E-6 on Performance of Building Constructions.</subfield>
    <subfield code="9">45422</subfield>
  </datafield>
  <datafield tag="942" ind1=" " ind2=" ">
    <subfield code="2">ddc</subfield>
    <subfield code="c">BK</subfield>
  </datafield>
  <datafield tag="999" ind1=" " ind2=" ">
    <subfield code="c">548949</subfield>
    <subfield code="d">548949</subfield>
  </datafield>
  <datafield tag="952" ind1=" " ind2=" ">
    <subfield code="0">0</subfield>
    <subfield code="1">0</subfield>
    <subfield code="2">ddc</subfield>
    <subfield code="4">0</subfield>
    <subfield code="7">0</subfield>
    <subfield code="a">MCE</subfield>
    <subfield code="b">MCE</subfield>
    <subfield code="d">2014-09-11</subfield>
    <subfield code="l">0</subfield>
    <subfield code="o">693.1 CLE</subfield>
    <subfield code="p">MCE-28728</subfield>
    <subfield code="r">2014-09-11</subfield>
    <subfield code="w">2014-09-11</subfield>
    <subfield code="y">BK</subfield>
  </datafield>
</record>
